Jejawi tua

Bibliographic Details
Main Author: Rosli Mohd Sah
Format: Book
Published: Selangor : Yamani Angle Sdn. Bhd , 2011
Subjects:

MARC

LEADER 00000cam a2200000 7i4500
001 0000038871
005 20131129.0
008 131129
020 |a 9675370434 
090 0 0 |a ROS   |b MAL 
100 0 |a Rosli Mohd Sah 
245 1 0 |a Jejawi tua   |c Rosli Mohd Sah 
260 |a Selangor :   |b Yamani Angle Sdn. Bhd ,   |c 2011 
650 0 |a Malay fiction 
999 |a 0001252081   |b Book   |c Adult Collection   |e Cawangan Tmn. Ungku Tun Aminah 
999 |a 0001252084   |b Book   |c Adult Collection   |e Cawangan Taman Sri Lambak 
999 |a 0001252086   |b Book   |c Adult Collection   |e Cawangan Mersing 
999 |a 0001255429   |b Book   |c Adult Collection   |e Cawangan AEON Kulaijaya 
999 |a 0001255430   |b Book   |c Adult Collection   |e Cawangan AEON Kulaijaya 
999 |a 0001255699   |b Book   |c Adult Collection   |e Perbadanan Perpustakaan Awam Johor